000 00642nam a2200181 i 4500
001 156933
003 ES-MaACL
005 20250702194447.0
008 990212s1849 fr |||| | fre d
040 _aCCPB | B
_bspa
_cCCPB | B
100 1 _aLamartine, Alphonse de,
_d1790-1869
_969776
245 1 0 _aHistoire de la révolution de 1848 /
_cpar A. de Lamartine.
260 _aParis :
_bPerrotin,
_c1849 (
_fImprimerie de J. Claye et C\pe\s)
300 _a2 v. ;
_c23 cm.
651 7 _aFrancia-
_xHistoria-
_y1848, Revolución de febrero
_2
_9147659
852 _aES-MaACL
_jF-8380-8381
_z-- Enc. hol.
999 _c156933
_d156933